Pakistan ki siyasi tareekh : Bangali muslamanun ka tahreek-e (Record no. 7013)
[ view plain ]
| 000 -LEADER | |
|---|---|
| fixed length control field | 00435nam a2200157Ia 4500 |
| 001 - CONTROL NUMBER | |
| control field | 5780 |
| 008 - FIXED-LENGTH DATA ELEMENTS--GENERAL INFORMATION | |
| fixed length control field | 140319s9999 xx 000 0 und d |
| 040 ## - CATALOGING SOURCE | |
| Transcribing agency | PK-LaUMT |
| 082 ## - DEWEY DECIMAL CLASSIFICATION NUMBER | |
| Classification number | 320.95491 |
| Item number | ZAH-P |
| 100 ## - MAIN ENTRY--PERSONAL NAME | |
| Personal name | Zahid Chaudhry |
| 245 ## - TITLE STATEMENT | |
| Title | Pakistan ki siyasi tareekh : Bangali muslamanun ka tahreek-e |
| Statement of responsibility, etc | Zahid Chaudhry |
| 260 ## - PUBLICATION, DISTRIBUTION, ETC. (IMPRINT) | |
| Place of publication, distribution, etc | Lahore,Pakistan: |
| Name of publisher, distributor, etc | Idarah Mutbuaat Tulbah, |
| Date of publication, distribution, etc | 1996 |
| 300 ## - PHYSICAL DESCRIPTION | |
| Extent | 539 (v-9) |
| 546 ## - LANGUAGE NOTE | |
| Language note | EN |
| 942 ## - ADDED ENTRY ELEMENTS (KOHA) | |
| Koha item type | Books |
| Withdrawn status | Lost status | Damaged status | Not for loan | Home library | Current library | Date acquired | Total Checkouts | Full call number | Barcode | Checked out | Date last seen | Date checked out | Price effective from | Koha item type |
|---|---|---|---|---|---|---|---|---|---|---|---|---|---|---|
| UMT Main Campus | UMT Main Campus | 2014-03-19 | 1 | 320.95491 ZAH-P | 6357 | 2019-11-11 | 2019-10-28 | 2019-10-28 | 2014-03-19 | Books |
